00298nam a2200133Ia 45000030006000000080041000060400015000471000025000622450029000872500010001162600009001265460012001350050017001470STCL150530s9999 xx 000 0 und d aSTCLcSTCL aPearson Hunt; Others aCase problems in finance aThird c1959 aEnglish20220125165544.0